| 000 | 00408nam a2200169Ia 4500 | ||
|---|---|---|---|
| 008 | 230524s9999 xx 000 0 und d | ||
| 020 | _a9789389802092 | ||
| 082 | _bWAD | ||
| 100 |
_aC L Wadhwa _945115 |
||
| 245 | 0 | _aHigh Voltage Engineering | |
| 250 | _a4 | ||
| 260 |
_aNew Delhi _bNew Age Int. _c2021 |
||
| 300 | _a"xiv,307p;" | ||
| 500 | _aQuantity Number: 1 | ||
| 650 | _aElectrical | ||
| 942 | _cBK | ||
| 999 |
_c60729 _d60729 |
||